000
00212 a2200097 4500
001
26819
100
_a
C.A.E PAF
245
_a
Introduction to operation research
260
_a
_b
CAE PAF
_c
090
_c
18055
_d
18055
942
_a
NUST-CAE
_c
M
_c
8953
999
_c
261892
_d
261892